000 00930nas a2200289 4500
001 BR0204386
003 BR-BrBNA
005 20231205103221.0
007 ta
008 230509b bl.|||p| |||| 00| 00por d
040 _aBR-BrBNA
_bpor
_cBiblioteca Nacional de Agricultura
041 _a(Pt)
072 _aH60
100 1 _aConstantin, J.
100 1 _aOliveira Júnior, R.S. de
100 1 _aMaciel, C.D.G.
245 1 _aAvaliação de misturas em tanque de imazethapyr com outros herbicidas para o controle de Bidens pilosa e Euphorbia heteropliylla em soja
650 _aSOJA
650 _aPICÃO PRETO
650 _aHERBICIDA
650 _aMISTURA DE FERTILIZANTE
650 _aCONTROLE QUÍMICO
650 _aTRATAMENTO
773 0 _tRevista Brasileira de Herbicidas (Brazil)
_xISSN 1517-9443
_g(Jan-Apr 2000), v.1(1) p. 73-78
_wBR0204386
909 _a202311
_bLúcia
_c55
_dLúcia Elande
942 _2AGRIS
_n0
_cANA
999 _c171707
_d171707